[Event "FRA-chT2D 0506"]
[Site "France"]
[Date "2005.11.19"]
[Round "2.7"]
[White "Netzer, Jacques"]
[Black "Ramon, Didier"]
[Result "0-1"]
[WhiteElo "1972"]
[BlackElo "2218"]
[PlyCount "82"]
[EventDate "2005.10.27"]
[EventType "team-tourn"]
[EventRounds "11"]
[EventCountry "FRA"]
[SourceTitle "EXT 2006"]
[Source "ChessBase"]
[SourceDate "2005.11.24"]
[SourceVersion "1"]
[SourceVersionDate "2005.11.24"]
[SourceQuality "1"]
[WhiteTeam "Bischwiller"]
[BlackTeam "Lille"]
[WhiteTeamCountry "FRA"]
[BlackTeamCountry "FRA"]

1. c4 e5 2. g3 Nf6 3. Bg2 c6 4. e4 Bc5 5. Nc3 d6 6. Nf3 Be6 7. d3 0-0 8. 0-0 Nbd7 9. Qc2 Bb6 10. b4 h6 11. a4 d5 12. c5 Bc7 13. d4 dxe4 14. Nxe4 Nxe4 15. Qxe4 Bd5 16. Qe3 e4 17. Nd2 f5 18. f4 Nf6 19. h3 Qd7 20. Bb2 Rae8 21. Rfe1 Be6 22. Nf1 Bc4 23. Qc3 Bd5 24. Qe3 Re7 25. Qf2 g5 26. Bc1 Rg7 27. Ra3 Nh5 28. Bd2 Rf6 29. fxg5 hxg5 30. Rc3 Rf8 31. Ra3 Re8 32. Rc3 f4 33. g4 Nf6 34. Bc1 Rf7 35. Nh2 e3 36. Qe2 Ne4 37. Bxe4 Bxe4 38. Nf3 Bxf3 39. Qxf3 Qxd4 40. Rb3 Rd7 41. Kg2 Qc4 0-1

[Event "FRA-chT2S 0203"]
[Site "France"]
[Date "2003.03.16"]
[Round "9.6"]
[White "Hareux, Hubert"]
[Black "Ramon, Didier"]
[Result "1-0"]
[WhiteElo "2241"]
[BlackElo "2211"]
[PlyCount "55"]
[EventDate "2002.10.??"]
[EventType "team"]
[EventRounds "11"]
[EventCountry "FRA"]
[SourceTitle "EXT 2004"]
[Source "ChessBase"]
[SourceDate "2003.11.25"]
[SourceVersion "1"]
[SourceVersionDate "2003.11.25"]
[SourceQuality "1"]
[WhiteTeam "Cappelle la Grande"]
[BlackTeam "Lille"]
[WhiteTeamCountry "FRA"]
[BlackTeamCountry "FRA"]

1. d4 Nf6 2. Nf3 g6 3. c4 c5 4. d5 Ne4 5. Qc2 Qa5+ 6. Nbd2 f5 7. e3 Na6 8. Be2 Bg7 9. 0-0 Nd6 10. e4 e6 11. dxe6 dxe6 12. Nb3 Qb6 13. exf5 exf5 14. Bf4 0-0 15. Rad1 Nb4 16. Qb1 Nf7 17. Be3 Na6 18. Rfe1 Be6 19. Nxc5 f4 20. Nd7 Qc7 21. Nxf8 Bf5 22. Bd3 fxe3 23. Bxf5 gxf5 24. Ne6 exf2+ 25. Kxf2 Qb6+ 26. Kf1 Bxb2 27. Qxf5 Qc6 28. Qb5 1-0

[Event "FRA-chT2S 0203"]
[Site "France"]
[Date "2003.??.??"]
[Round "11.8"]
[White "Aveline, Philippe"]
[Black "Ramon, Didier"]
[Result "1-0"]
[WhiteElo "2158"]
[BlackElo "2211"]
[PlyCount "46"]
[EventDate "2002.10.??"]
[EventType "team"]
[EventRounds "11"]
[EventCountry "FRA"]
[SourceTitle "EXT 2004"]
[Source "ChessBase"]
[SourceDate "2003.11.25"]
[SourceVersion "1"]
[SourceVersionDate "2003.11.25"]
[SourceQuality "1"]
[WhiteTeam "Issy les Moulineaux"]
[BlackTeam "Lille"]
[WhiteTeamCountry "FRA"]
[BlackTeamCountry "FRA"]

1. e4 c5 2. c3 Nf6 3. e5 Nd5 4. d4 cxd4 5. Nf3 e6 6. cxd4 d6 7. Nc3 Nxc3 8. bxc3 Qc7 9. Bd2 Nd7 10. Bd3 dxe5 11. 0-0 Bd6 12. Qe2 0-0 13. Rfe1 f6 14. Rac1 Re8 15. dxe5 Nxe5 16. Nxe5 Bxe5 17. Bxh7+ Kf8 18. Bg6 Rd8 19. Red1 Bxh2+ 20. Kh1 Ke7 21. Qg4 Bd7 22. Bh5 Rg8 23. g3 g6 1-0

[Event "FRA-chT2S 0203"]
[Site "France"]
[Date "2003.??.??"]
[Round "7.8"]
[White "Glod, Philippe"]
[Black "Ramon, Didier"]
[Result "1-0"]
[WhiteElo "2172"]
[BlackElo "2211"]
[PlyCount "70"]
[EventDate "2002.10.??"]
[EventType "team"]
[EventRounds "11"]
[EventCountry "FRA"]
[SourceTitle "EXT 2004"]
[Source "ChessBase"]
[SourceDate "2003.11.25"]
[SourceVersion "1"]
[SourceVersionDate "2003.11.25"]
[SourceQuality "1"]
[WhiteTeam "Le Vesinet"]
[BlackTeam "Lille"]
[WhiteTeamCountry "FRA"]
[BlackTeamCountry "FRA"]

1. e4 c5 2. c3 Nf6 3. e5 Nd5 4. d4 cxd4 5. Nf3 e6 6. cxd4 d6 7. Bc4 Nc6 8. 0-0 Be7 9. Qe2 0-0 10. Qe4 Ndb4 11. exd6 Qxd6 12. Bf4 Qd8 13. Nc3 Na5 14. Be2 Nac6 15. Rad1 Nd5 16. Bc1 Bf6 17. Bc4 Nce7 18. Ne5 Nxc3 19. bxc3 Qc7 20. Bd3 Ng6 21. Nxg6 hxg6 22. c4 Rd8 23. Be3 Qa5 24. Bb1 Qa6 25. Bd3 Bd7 26. d5 Qxa2 27. dxe6 Bxe6 28. Qxb7 Rab8 29. Qxa7 Bxc4 30. Bxc4 Qxc4 31. Rxd8+ Rxd8 32. Qc5 Qe2 33. Qc1 Ra8 34. h3 Kh7 35. Qd1 Qb5 1-0

[Event "IECG CP.1999.P.00068"]
[Site "IECG email"]
[Date "1999.10.01"]
[Round "?"]
[White "Ramon, Didier"]
[Black "Rea, Derrick"]
[Result "0-1"]
[WhiteElo "2180"]
[BlackElo "1150"]
[PlyCount "28"]
[EventDate "1999.10.01"]
[EventType "tourn (corr)"]
[EventRounds "6"]
[EventCountry "USA"]
[SourceTitle "Corr 2008"]
[Source "ChessBase"]
[SourceDate "2008.06.24"]
[SourceVersion "1"]
[SourceVersionDate "2008.06.24"]
[SourceQuality "1"]

1. c4 e5 2. Nc3 Nf6 3. g3 c6 4. Bg2 d5 5. cxd5 cxd5 6. d4 exd4 7. Qxd4 Nc6 8. Qa4 Bb4 9. Bg5 h6 10. Bxf6 Qxf6 11. Rc1 d4 12. Bxc6+ Qxc6 13. Qxb4 Qxh1 14. Nb5 Qxg1+ 0-1

[Event "IECG CP.1999.P.00068"]
[Site "IECG email"]
[Date "1999.10.01"]
[Round "?"]
[White "Reikl, Johann"]
[Black "Ramon, Didier"]
[Result "1-0"]
[WhiteElo "2076"]
[BlackElo "2180"]
[PlyCount "57"]
[EventDate "1999.10.01"]
[EventType "tourn (corr)"]
[EventRounds "6"]
[EventCountry "USA"]
[SourceTitle "Corr 2008"]
[Source "ChessBase"]
[SourceDate "2008.06.24"]
[SourceVersion "1"]
[SourceVersionDate "2008.06.24"]
[SourceQuality "1"]

1. e4 c5 2. Nf3 Nc6 3. d4 cxd4 4. c3 Nf6 5. e5 Nd5 6. cxd4 d6 7. Bc4 Nb6 8. Bb3 dxe5 9. d5 Na5 10. Nc3 Nxb3 11. Qxb3 e6 12. Nxe5 exd5 13. Be3 Bd6 14. Qb5+ Kf8 15. Nf3 Be6 16. Rd1 h5 17. 0-0 h4 18. h3 Rh5 19. Qe2 g6 20. Nb5 Be7 21. Bd4 a6 22. Nc3 Nc4 23. b3 Nd6 24. Ne5 Rg5 25. Be3 Rh5 26. Nxd5 Bxd5 27. Rxd5 Rc8 28. Qg4 Qe8 29. Nd7+ 1-0

[Event "FRA-chT 9697 fin"]
[Site "Clichy"]
[Date "1997.05.01"]
[Round "8"]
[White "Ramon, Didier"]
[Black "Jaulin, Marc"]
[Result "1/2-1/2"]
[WhiteElo "2120"]
[BlackElo "2190"]
[PlyCount "51"]
[EventDate "1997.??.??"]
[EventType "team"]
[EventRounds "4"]
[EventCountry "FRA"]
[SourceTitle "EXT 1999"]
[Source "ChessBase"]
[SourceDate "1998.11.16"]
[SourceVersion "1"]
[SourceVersionDate "1998.11.16"]
[SourceQuality "1"]

1. Nf3 c5 2. e4 d6 3. d4 Nf6 4. Nc3 cxd4 5. Nxd4 g6 6. Be3 Bg7 7. f3 Nc6 8. Qd2 0-0 9. 0-0-0 d5 10. Qe1 e6 11. g4 e5 12. Nxc6 bxc6 13. g5 d4 14. gxf6 Qxf6 15. Bd2 dxc3 16. Bxc3 Qxf3 17. Bc4 Bh3 18. Rd3 Qh5 19. Qf2 Qg5+ 20. Bd2 Qh5 21. Rg1 Bh6 22. Rd6 Bxd2+ 23. Qxd2 Qf3 24. Rdxg6+ Kh8 25. R6g3 Rg8 26. Rxg8+ 1/2-1/2